000 00684nam a2200217 a 4500
001 13435
003 BD-JhCC
005 20230924084036.0
008 171017s2020 bg a|||| ||a| 00| 0 ben d
020 _a9789848013564
035 _a(BD-JhCC) 13435
040 _aBD-JhCC
_dBD-JhCC
041 _abengali
082 _bASA 2020
_a891.4435
100 _aচৌধুরী,এমরান
245 _aছোটদের বন্ধু বঙ্গবন্ধু /
_cএমরান চৌধুরী ।
260 _aঢাকা:
_bশব্দশিল্প প্রকাশন;
_c2020.
300 _a24 p. :
_c24 cm.
651 _aBengali short stores
942 _2ddc
_cBK
999 _c13435
_d13435